Every Song by Jack's Mannequin - Statistics

General Stats
  • This quiz has been taken 17 times
    12 since last reset
  • The average score is 26 of 54
Answer Stats
Album Song % Correct
Everything in Transit(2005) Dark Blue
100%
Everything in Transit(2005) The Mixed Tape
100%
The Dear Jack EP(2009) Dear Jack
88%
Everything in Transit(2005) Pt 1:Made For Each Other
88%
Everything in Transit(2005) Pt 2:You Can Breathe
88%
The Glass Passenger(2008) Swim
88%
Everything in Transit(2005) Bruised
75%
The Glass Passenger(2008) Crashin'
75%
The Glass Passenger(2008) Hammers and Strings(A Lullaby)
75%
Everything in Transit(2005) I'm Ready
75%
Everything in Transit(2005) La La Lie
75%
Everything in Transit(2005) Miss Delaney
75%
Everything in Transit(2005) Rescued
75%
The Glass Passenger(2008) Bloodshot
63%
The Glass Passenger(2008) Caves
63%
Everything in Transit(2005) Holiday for Real
63%
Everything in Transit(2005) Kill the Messenger
63%
The Glass Passenger(2008) Spinning
63%
The Glass Passenger(2008) The Resolution
63%
The Dear Jack EP(2009) There, There Katie
63%
The Glass Passenger(2008) American Love
50%
The Glass Passenger(2008) Annie Use Your Telescope
50%
In Valleys(2008) Cell Phone
50%
Everything in Transit(Bonus)(2005) Into the Airwaves
50%
The Glass Passenger(Bonus)(2008) Miss California
50%
People and Thoughts(2011) People, Running
50%
The Glass Passenger(2008) Suicide Blonde
50%
People and Thoughts(2011) Television
50%
Non-Album(2005) The Lights and Buzz
50%
The Glass Passenger(2008) What Gets You Off
50%
People and Thoughts(2011) Amelia Jean
38%
People and Thoughts(2011) Amy, I
38%
The Glass Passenger(2008) Drop Out-The So Unknown
38%
Non-Album(2006) Last Straw
38%
Non-Album(2006) Meet Me at My Window
38%
People and Thoughts(2011) My Racing Thoughts
38%
People and Thoughts(Bonus)(2011) No Man is an Island
38%
The Glass Passenger(2008) Orphans
38%
People and Thoughts(2011) Platform Fire
38%
People and Thoughts(2011) Restless Dream
38%
People and Thoughts(Bonus)(2011) Broken Bird
25%
People and Thoughts(Bonus)(2011) Dancing with a Gun
25%
The Dear Jack EP(2009) Diane, the Skyscraper
25%
People and Thoughts(2011) Hey Hey Hey(We're All Gonna Die)
25%
People and Thoughts(2011) Hostage
25%
People and Thoughts(Bonus)(2011) Locked Doors
25%
Everything in Transit(Bonus)(2005) Lonely for Her
25%
People and Thoughts(2011) Release Me
25%
People and Thoughts(Bonus)(2011) Ten Days Gone
25%
People and Thoughts(2011) Castling Lines
0%
The Glass Passenger(Bonus)(2008) Doris Day
0%
People and Thoughts(Bonus)(2011) Keep Rising
0%
People and Thoughts(Bonus)(2011) Out of It
0%
Non-Album(2012) Wrecking Ball Heart
0%
No matching quizzes found
Score Distribution
Percent of People with Each Score
Percentile by Number Answered
Your Score History
You have not taken this quiz since the last reset